| 000 | 00805nam a2200193Ia 4500 | ||
|---|---|---|---|
| 008 | 151121s9999||||xx |||||||||||||| ||und|| | ||
| 082 | _a780।89/गर्ग | ||
| 082 | _bHNW-58506 | ||
| 100 | _aगर्ग लक्ष्मीनारायण-संपा। | ||
| 245 | _aसंगीत लोक-संगीत अंक | ||
| 260 | _b"संगीत कार्यालय, हाथरस,उत्तरप्रदेश" | ||
| 260 | _c-- | ||
| 300 | _a252 | ||
| 600 | _aगर्ग लक्ष्मीनारायण-संपा। | ||
| 630 | _aसंगीत लोक-संगीत अंक | ||
| 700 | _aगर्ग लक्ष्मीनारायण-संपा। | ||
| 730 | _aसंगीत लोक-संगीत अंक | ||
| 942 | _cBOOK | ||
| 999 |
_c1240328 _d1240325 |
||